| 000 | 01078nam a2200289 i 4500 | ||
|---|---|---|---|
| 005 | 20250416115327.0 | ||
| 008 | 250416t20132013my ao frf 000 0 eng d | ||
| 020 |
_a9789679366228 _cRM10.00 _qpaperback |
||
| 040 |
_aPPAK _beng _cPPAK _erda |
||
| 082 | 0 | 4 |
_223 _a639.483 |
| 090 | 0 | 0 |
_a639.483 _bMOH _dR |
| 100 | 0 |
_aMohd Irwani Hafiz Sahid, _eauthor. |
|
| 245 | 1 | 0 |
_aGarden Snail Farming : _bProspects in Malaysia / _cMohd Irwani Hafiz Sahid |
| 264 | 1 |
_aKuala Lumpur : _bMalaysian Agricultural Research and Development Institute (MARDI), _c2013 |
|
| 264 | 4 | _c©2013 | |
| 300 |
_a15 pages : _billustrations, colour photographs ; _c25 cm |
||
| 336 |
_atext _2rdacontent |
||
| 337 |
_aunmediated _2rdamedia |
||
| 338 |
_avolume _2rdacarrier |
||
| 490 | 1 |
_aMARDI Report ; _vNo. 215 (2013) |
|
| 504 | _aBibliography : pages 14-15 | ||
| 650 | 1 | 0 | _aSnail farming |
| 650 | 2 | 0 | _aBrown garden snail |
| 710 | 2 |
_aInstitut Penyelidikan dan Kemajuan Pertanian Malaysia, _eissuing body. |
|
| 830 | 0 |
_aMARDI Report ; _vNo. 215 (2013) |
|
| 942 |
_2ddc _cB |
||
| 999 |
_c199416 _d199416 |
||